00366nam a2200169Ia 4500008004100000041000800041100001300049245003700062250000800099260001900107300000800126365001200134500000900146520001200155650001000167999001900177230605s9999 xx 000 0 und d aeng alilicrap afood and beverage service(9th ed a9th bHodder Arnold  a466 b863h10 a2159 aGeneral aF. B. c419303d419303